Movie Series by Sequel Quiz Stats

 Plays Quiz Updated Aug 19, 2016

Challenge
Share
Tweet
Embed
Score 0/24 Timer 05:00
3 Plays Today
Subtitle Movie Series % Correct
The Phantom MenaceStar Wars
93.6%
The Return of the KingThe Lord of the Rings
92.4%
Catching FireThe Hunger Games
91.5%
Tokyo DriftThe Fast and the Furious
89.1%
The Desolation of SmaugThe Hobbit
86.6%
New MoonThe Twilight Saga
86.1%
Judgment DayTerminator
85.1%
Age of UltronAvengers
82.2%
Escape 2 AfricaMadagascar
81.4%
Lost in New YorkHome Alone
80.9%
The Road WarriorMad Max
77.7%
When Nature CallsAce Ventura
75.5%
Subtitle Movie Series % Correct
At World's EndPirates of the Caribbean
74.8%
The SqueakquelAlvin and the Chipmunks
73%
The Last StandX-Men
65.9%
Back in the HabitSister Act
62.5%
The MeltdownIce Age
58.6%
Nerds in ParadiseRevenge of the Nerds
51.4%
The Voyage HomeStar Trek
49.2%
Back to the MinorsMajor League
48%
Armed and FabulousMiss Congeniality
45.1%
The Legend ContinuesAnchorman
35%
Dream WarriorsA Nightmare on Elm Street
32.6%
EvolutionUnderworld
25%

You're not logged in!

Compare scores with friends on all Sporcle quizzes.
OR
Log In

You Might Also Like...

Show Comments

Extras

Top Quizzes Today


Score Distribution

Your Account Isn't Verified!

In order to create a playlist on Sporcle, you need to verify the email address you used during registration. Go to your Sporcle Settings to finish the process.

Report this User

Report this user for behavior that violates our Community Guidelines.

Details: